Lễ tục Việt Nam xưa và nay Gia lễ xưa thế nào? Nay nên thế nào?

Uloženo v:
Podrobná bibliografie
Hlavní autor: Phan Kim Huê
Médium: Kniha
Jazyk:Undetermined
Vydáno: Tp. HCM Thanh Niên 2000
Témata:
Tagy: Přidat tag
Žádné tagy, Buďte první, kdo otaguje tento záznam!
Thư viện lưu trữ: Trung tâm Học liệu Trường Đại học Cần Thơ
LEADER 00657nam a2200205Ia 4500
001 CTU_36532
008 210402s9999 xx 000 0 und d
020 |b 12.000đ 
082 |a 390.09597 
082 |b H507 
100 |a Phan Kim Huê 
245 0 |a Lễ tục Việt Nam xưa và nay 
245 0 |b Gia lễ xưa thế nào? Nay nên thế nào? 
245 0 |c Phan Kim Huê 
260 |a Tp. HCM 
260 |b Thanh Niên 
260 |c 2000 
650 |a family - folklore,folklore - vietnam,manners and customs - vietnam,vietnam - civilization 
904 |i Minh, 000508 
980 |a Trung tâm Học liệu Trường Đại học Cần Thơ